[Event "Arab-ch"]
[Site "Tunis"]
[Date "2001.??.??"]
[Round "8"]
[White "Saad, Al Sarsam"]
[Black "Doghri, Nabil"]
[Result "0-1"]
[WhiteElo "2432"]
[BlackElo "2362"]
[PlyCount "63"]
[EventDate "2001.10.??"]
[EventType "swiss"]
[EventRounds "9"]
[EventCountry "TUN"]
[SourceTitle "CBM 085 Extra"]
[Source "ChessBase"]
[SourceDate "2002.01.21"]
[SourceVersion "1"]
[SourceVersionDate "2002.01.21"]
[SourceQuality "1"]

1. e4 c5 2. Nf3 Nc6 3. d4 cxd4 4. Nxd4 Nf6 5. Nc3 e5 6. Ndb5 d6 7. Bg5 a6 8. Na3 b5 9. Nd5 Be7 10. Bxf6 Bxf6 11. c3 0-0 12. Nc2 Rb8 13. Be2 Bg5 14. 0-0 Be6 15. Nce3 a5 16. Qd3 g6 17. Rad1 f5 18. f4 Bh6 19. g3 Qd7 20. Qc2 Qa7 21. Kh1 Kh8 22. Bd3 exf4 23. gxf4 Ne7 24. Nxe7 Qxe7 25. exf5 gxf5 26. Bxf5 Bxf5 27. Nxf5 Qb7+ 28. Qg2 Qxg2+ 29. Kxg2 Rxf5 30. Rxd6 Rg8+ 31. Kh1 Bxf4 32. Rd3 0-1

[Event "Olympiad-34"]
[Site "Istanbul"]
[Date "2000.11.12"]
[Round "14.1"]
[White "Saad, Al Sarsam"]
[Black "David, Alberto"]
[Result "0-1"]
[WhiteElo "2423"]
[BlackElo "2487"]
[PlyCount "100"]
[EventDate "2000.10.28"]
[EventType "team-swiss"]
[EventRounds "14"]
[EventCountry "TUR"]
[SourceTitle "EXT 2001"]
[Source "ChessBase"]
[SourceDate "2000.11.22"]
[SourceVersion "1"]
[SourceVersionDate "2000.11.22"]
[SourceQuality "1"]
[WhiteTeam "Iraq"]
[BlackTeam "Luxembourg"]
[WhiteTeamCountry "IRQ"]
[BlackTeamCountry "LUX"]

1. e4 c5 2. Nf3 d6 3. c3 Nf6 4. Bd3 Nc6 5. Bc2 Bg4 6. d3 e6 7. Nbd2 d5 8. h3 Bh5 9. 0-0 Be7 10. Re1 0-0 11. Qe2 h6 12. Nf1 Qc7 13. g4 Bg6 14. Ng3 b5 15. Nh4 Bh7 16. Ng2 dxe4 17. dxe4 c4 18. h4 Nd7 19. Bf4 Nce5 20. Rad1 Nc5 21. b4 cxb3 22. axb3 a6 23. Nf5 exf5 24. exf5 f6 25. Bxe5 fxe5 26. Qxe5 Ra7 27. Nf4 Qxe5 28. Re2 Qe4 29. Rxe4 Rd8 30. Re5 Rc8 31. b4 Na4 32. Bb3+ Kh8 33. Rde1 Bf8 34. c4 Rb7 35. c5 Rbb8 36. Be6 Rd8 37. Bb3 Nb2 38. Ne6 Rdc8 39. Nf4 Nc4 40. R5e2 a5 41. Bxc4 bxc4 42. bxa5 Bxc5 43. a6 c3 44. Kg2 Ra8 45. Nd3 Bg8 46. Nxc5 Rxc5 47. Re8 Rxe8 48. Rxe8 Kh7 49. g5 hxg5 50. hxg5 c2 0-1